[Event "27th Czech Open A 2016"]
[Site "Pardubice CZE"]
[Date "2016.07.22"]
[Round "1.1"]
[White "Ganguly, Surya Shekhar"]
[Black "Radionov, Timur"]
[Result "1-0"]
[WhiteTitle "GM"]
[BlackTitle "FM"]
[WhiteElo "2676"]
[BlackElo "2285"]
[WhiteFideId "5002150"]
[BlackFideId "34178772"]
[EventDate "2016.07.22"]

1. e4 e5 2. Nf3 Nc6 3. Bc4 Bc5 4. O-O Nf6 5. d3 O-O 6. h3 h6 7. Re1 d5 8. exd5
Nxd5 9. Nxe5 Nxe5 10. Rxe5 c6 11. Qf3 Be6 12. c3 Qc7 13. d4 Be7 14. Nd2 Bf6 15.
Re1 Bg5 16. Ne4 Bxc1 17. Raxc1 Nf4 18. Bxe6 Nxe6 19. Qg3 Qxg3 20. Nxg3 Rad8 21.
Re5 c5 22. d5 Nf4 23. Rd1 b5 24. d6 Rfe8 25. Rxc5 1-0

[Event "27th Czech Open A 2016"]
[Site "Pardubice CZE"]
[Date "2016.07.22"]
[Round "1.2"]
[White "Rabatin, Jakub"]
[Black "Movsesian, Sergei"]
[Result "0-1"]
[WhiteTitle "FM"]
[BlackTitle "GM"]
[WhiteElo "2281"]
[BlackElo "2666"]
[WhiteFideId "329517"]
[BlackFideId "310204"]
[EventDate "2016.07.22"]

1. e4 c5 2. Nf3 e6 3. d4 cxd4 4. Nxd4 a6 5. Nc3 b5 6. Bd3 Qb6 7. Nb3 Qc7 8. O-O
Bb7 9. Re1 Bd6 10. Qh5 Nc6 11. h3 Nf6 12. Qe2 Ne5 13. a4 b4 14. Nd1 Ng6 15. c3
O-O 16. Bd2 Bh2+ 17. Kh1 d5 18. e5 Nxe5 19. cxb4 Nxd3 20. Qxd3 Bd6 21. Na5 Rab8
22. Rc1 Qd7 23. b5 axb5 24. axb5 Ne4 25. Nc6 Rbc8 26. Ne5 Bxe5 27. Rxe4 Rxc1 28.
Bxc1 Bb8 29. Rh4 f5 30. Nc3 e5 31. Ra4 d4 32. Ne2 Be4 33. Qb3+ Bd5 34. Qd3 Qb7
35. f3 e4 36. fxe4 fxe4 0-1

[Event "27th Czech Open A 2016"]
[Site "Pardubice CZE"]
[Date "2016.07.22"]
[Round "1.3"]
[White "Laznicka, Viktor"]
[Black "Brokken, Dennis"]
[Result "1-0"]
[WhiteTitle "GM"]
[WhiteElo "2654"]
[BlackElo "2281"]
[WhiteFideId "316385"]
[BlackFideId "1010069"]
[EventDate "2016.07.22"]

1. c4 c6 2. Nf3 d5 3. e3 Nf6 4. Nc3 e6 5. b3 Nbd7 6. Bb2 Bd6 7. Qc2 O-O 8. Be2
b6 9. O-O Bb7 10. d4 Qe7 11. Rad1 Rac8 12. Qb1 Rfd8 13. Rfe1 dxc4 14. bxc4 c5
15. d5 e5 16. Ng5 g6 17. Nge4 Nxe4 18. Nxe4 f5 19. Nxd6 Qxd6 20. e4 f4 21. Bg4
Rc7 22. g3 fxg3 23. hxg3 Re8 24. Qc1 Nf6 25. Be6+ Rxe6 26. dxe6 Qxe6 27. Rd8+
Kg7 28. Qg5 Re7 29. f4 Qg4 30. Qxg4 Nxg4 31. fxe5 Kh6 32. Rd5 Ba6 33. Rc1 Ne3
34. Kf2 Nxc4 35. Rh1+ Kg7 36. Ba1 h5 37. g4 Kh6 38. gxh5 gxh5 39. e6 Rxe6 40.
Rhxh5+ Kg6 41. Rdg5+ Kf7 42. Rg7+ Kf8 43. Rh8# 1-0

[Event "27th Czech Open A 2016"]
[Site "Pardubice CZE"]
[Date "2016.07.22"]
[Round "1.4"]
[White "Popov, Mikhail"]
[Black "Kravtsiv, Martyn"]
[Result "0-1"]
[WhiteTitle "FM"]
[BlackTitle "GM"]
[WhiteElo "2280"]
[BlackElo "2631"]
[WhiteFideId "4146182"]
[BlackFideId "14113147"]
[EventDate "2016.07.22"]

1. Nf3 Nf6 2. c4 e6 3. Nc3 d5 4. d4 Be7 5. Bf4 O-O 6. e3 Nbd7 7. c5 Ne4 8. Nxe4
dxe4 9. Ne5 Nxe5 10. Bxe5 b6 11. Qg4 f6 12. Qxe4 Rb8 13. Bd3 g6 14. Bg3 bxc5 15.
dxc5 Bxc5 16. O-O Rxb2 17. Qc6 Bd6 18. Bxd6 cxd6 19. Rfb1 Rxb1+ 20. Rxb1 Rf7 21.
h4 Rc7 22. Qa8 Kg7 23. Ba6 Qd7 24. Rb8 Rc1+ 25. Kh2 Qa4 26. Qxa7+ Kh6 27. e4
Qxe4 28. Rb3 Bxa6 29. Qxa6 Qf4+ 30. Rg3 Qxf2 31. Qxd6 Qg1+ 32. Kh3 Qh1+ 33. Kg4
Rc4+ 34. Kf3 Qf1+ 35. Ke3 Qe1+ 36. Kf3 Rc3+ 37. Kg4 f5+ 0-1

[Event "27th Czech Open A 2016"]
[Site "Pardubice CZE"]
[Date "2016.07.22"]
[Round "1.5"]
[White "Nabaty, Tamir"]
[Black "Karas, Marek"]
[Result "1-0"]
[WhiteTitle "GM"]
[BlackTitle "FM"]
[WhiteElo "2622"]
[BlackElo "2278"]
[WhiteFideId "2809052"]
[BlackFideId "14928558"]
[EventDate "2016.07.22"]

1. e4 e6 2. d4 d5 3. Nc3 Nf6 4. e5 Nfd7 5. f4 c5 6. Nf3 Nc6 7. Be3 Be7 8. Be2
O-O 9. O-O a6 10. Qe1 cxd4 11. Nxd4 Bc5 12. Qf2 Nxd4 13. Bxd4 Qc7 14. Bd3 b5 15.
Ne2 b4 16. Qh4 h6 17. Rf3 Bxd4+ 18. Nxd4 Nc5 19. Re1 Qd8 20. Qf2 Ne4 21. Qe3 Bb7
22. f5 exf5 23. Nxf5 Qg5 24. Bxe4 Qxe3+ 25. Rexe3 dxe4 26. Rg3 g6 27. Nxh6+ Kh7
28. Nf5 Rad8 29. Rh3+ Kg8 30. Nd6 Bc8 31. Rh4 f6 32. Rhxe4 fxe5 33. Rd3 Be6 34.
b3 Rf6 35. Rxe5 Rdf8 36. h3 Rf1+ 37. Kh2 Bd7 38. Re7 Bc6 39. Rg3 R8f6 40. Ne4
Bxe4 41. Rxe4 a5 42. Rg5 R1f2 43. Rc5 Rd2 44. Rxa5 Rxc2 45. Rxb4 1-0

[Event "27th Czech Open A 2016"]
[Site "Pardubice CZE"]
[Date "2016.07.22"]
[Round "1.6"]
[White "Okun, Leonid"]
[Black "Kononenko, Dmitry1"]
[Result "0-1"]
[WhiteTitle "FM"]
[BlackTitle "GM"]
[WhiteElo "2278"]
[BlackElo "2621"]
[WhiteFideId "4181379"]
[BlackFideId "14113007"]
[EventDate "2016.07.22"]

1. c4 c5 2. Nf3 g6 3. d4 Bg7 4. e4 d6 5. Nc3 Bg4 6. dxc5 dxc5 7. Qxd8+ Kxd8 8.
Be3 Bxc3+ 9. bxc3 b6 10. h3 Bc8 11. Ne5 Ke8 12. Bf4 f6 13. Ng4 Nc6 14. Ne3 e6
15. h4 Nge7 16. O-O-O Kf7 17. g4 Bb7 18. Rd7 Na5 19. Bg2 Rhd8 20. Rhd1 Ke8 21.
Rxb7 Nxb7 22. e5 fxe5 23. Bxe5 Na5 24. Bxa8 Rxa8 25. Rd6 Kf7 26. g5 Nac6 27. Ng4
Rd8 28. Nh6+ Kf8 29. Rxe6 Nxe5 30. Rxe5 Rd3 31. Re3 Rxe3 32. fxe3 Nc6 33. Ng4
Na5 34. Kc2 Nxc4 35. Kd3 Nb2+ 36. Ke2 Kf7 37. Ne5+ Ke6 38. Nc6 a6 39. e4 Nc4 40.
Nd8+ Ke7 41. Nc6+ Kd7 42. Nb8+ Kc7 43. Nxa6+ Kb7 44. Nxc5+ bxc5 45. Kf3 Kc6 46.
Kf4 Kd6 47. h5 gxh5 0-1

[Event "27th Czech Open A 2016"]
[Site "Pardubice CZE"]
[Date "2016.07.22"]
[Round "1.7"]
[White "Gopal, G.N."]
[Black "Havelka, Josef"]
[Result "1-0"]
[WhiteTitle "GM"]
[BlackTitle "FM"]
[WhiteElo "2565"]
[BlackElo "2277"]
[WhiteFideId "5015693"]
[BlackFideId "361097"]
[EventDate "2016.07.22"]

1. e4 e5 2. Nf3 Nc6 3. Bb5 a6 4. Ba4 Nge7 5. c3 g6 6. d4 exd4 7. cxd4 b5 8. Bc2
d5 9. exd5 Nb4 10. Bb3 Nbxd5 11. O-O Bg7 12. Re1 O-O 13. h3 Nf5 14. Nc3 Nxc3 15.
bxc3 Bb7 16. Ba3 Nd6 17. Qd3 a5 18. Bc5 a4 19. Bc2 Qf6 20. Ne5 Rfe8 21. Qg3 Nf5
22. Qf4 Nd6 23. Qxf6 Bxf6 24. Bd3 Bg5 25. g4 Re6 26. Re2 Rae8 27. Rae1 1-0

[Event "27th Czech Open A 2016"]
[Site "Pardubice CZE"]
[Date "2016.07.22"]
[Round "1.8"]
[White "Hacker, Jonas"]
[Black "Jakubowski, Krzysztof"]
[Result "1-0"]
[WhiteTitle "FM"]
[BlackTitle "GM"]
[WhiteElo "2275"]
[BlackElo "2557"]
[WhiteFideId "1270968"]
[BlackFideId "1112848"]
[EventDate "2016.07.22"]

1. e4 c5 2. Nf3 e6 3. d4 cxd4 4. Nxd4 Nf6 5. Nc3 d6 6. g4 h6 7. h4 a6 8. Rg1 g6
9. g5 hxg5 10. Bxg5 Be7 11. Qd2 b5 12. a3 Bb7 13. Bg2 Nfd7 14. O-O-O Nb6 15.
Bxe7 Qxe7 16. Ndxb5 axb5 17. Qd4 Rh5 18. Qxb6 Ra6 19. Qd4 Nd7 20. Bf1 Rb6 21.
Be2 Rxh4 22. Bxb5 Bc6 23. Bxc6 Rxc6 24. Rh1 Qg5+ 25. Kb1 Rxh1 26. Rxh1 Ke7 27.
Re1 Rb6 28. a4 Qa5 29. b3 Rb4 30. Qd2 Ne5 31. Rd1 Qc5 32. Nb5 Nc4 33. Qd3 g5 34.
Qg3 Rxb5 35. axb5 Na3+ 36. Kb2 Qxc2+ 37. Kxa3 Qxd1 38. Qxg5+ Kd7 39. Qe3 d5 40.
Qa7+ Kd6 41. Qb6+ Ke5 42. Qc7+ Kxe4 43. b6 Qa1+ 44. Kb4 Qd4+ 45. Kb5 Qd3+ 46.
Kc6 f5 47. Qg3 1-0

[Event "27th Czech Open A 2016"]
[Site "Pardubice CZE"]
[Date "2016.07.22"]
[Round "1.9"]
[White "Stocek, Jiri"]
[Black "Ragnarsson, Dagur"]
[Result "1-0"]
[WhiteTitle "GM"]
[BlackTitle "FM"]
[WhiteElo "2550"]
[BlackElo "2274"]
[WhiteFideId "304760"]
[BlackFideId "2304058"]
[EventDate "2016.07.22"]

1. d4 d5 2. c4 e6 3. Nf3 c6 4. Qc2 f5 5. Bf4 Nf6 6. e3 Be7 7. Bd3 O-O 8. h3 Ne4
9. Nc3 Nd7 10. a3 g5 11. Bh2 Bf6 12. g4 Nb6 13. c5 Nd7 14. h4 gxh4 15. gxf5 exf5
16. Ne2 b6 17. cxb6 Qxb6 18. Nf4 Ba6 19. Bxa6 Qxa6 20. Ne6 c5 21. Nxf8 Kxf8 22.
Ne5 Bxe5 23. Bxe5 cxd4 24. exd4 Rc8 25. Qe2 Qg6 26. Rd1 Qg2 27. Rh2 Qg1+ 28. Qf1
Qg5 29. Qg2 Nxe5 30. dxe5 Qf4 31. e6 Rc7 32. Rh3 Rg7 33. Qh2 Qh6 34. Qb8+ Ke7
35. Qxa7+ Ke8 36. Qb8+ Ke7 37. Qc7+ Kf6 38. Qd8+ Re7 39. Qxd5 Rxe6 40. Qd8+ Kg6
41. Kf1 Nf6 42. Qd2 Qh5 43. f3 Ng4 44. Re1 1-0

[Event "27th Czech Open A 2016"]
[Site "Pardubice CZE"]
[Date "2016.07.22"]
[Round "1.10"]
[White "Fuchs, Florian"]
[Black "Chigaev, Maksim"]
[Result "1/2-1/2"]
[BlackTitle "IM"]
[WhiteElo "2274"]
[BlackElo "2549"]
[WhiteFideId "24651737"]
[BlackFideId "4108116"]
[EventDate "2016.07.22"]

1. e4 e6 2. d4 d5 3. Nc3 Bb4 4. e5 Qd7 5. Nf3 b6 6. h4 Ne7 7. a3 Bxc3+ 8. bxc3
Ba6 9. Bxa6 Nxa6 10. h5 h6 11. a4 c5 12. Qd3 Qb7 13. Ba3 Rc8 14. Qb5+ Kd8 15. a5
Nc7 16. Qb2 Qc6 17. O-O Kd7 18. axb6 axb6 19. c4 dxc4 20. dxc5 bxc5 21. Qc3 Qb5
22. Nd2 Ncd5 23. Qf3 Nf5 24. Rfb1 Qc6 25. Nxc4 Ra8 26. Rd1 Kc7 27. Nd6 Nb4 28.
Qc3 Nd5 29. Qf3 Nb4 30. Qc3 Nd5 31. Qxc5 Qxc5 32. Bxc5 Kc6 33. Nxf5 exf5 34.
Rxa8 Rxa8 35. Bd4 Nf4 36. g3 Ne6 37. Be3 Ra3 38. Kg2 Rc3 39. Rd6+ Kc7 40. Ra6
Kd7 41. Ra7+ Ke8 42. Ra2 Kd7 43. Kf1 Nc7 44. Bd4 Rc4 45. c3 Ne6 46. Ra6 Rc6 47.
Ra7+ Rc7 48. Rxc7+ Kxc7 49. Ke2 g6 50. hxg6 fxg6 51. Be3 1/2-1/2

[Event "27th Czech Open A 2016"]
[Site "Pardubice CZE"]
[Date "2016.07.22"]
[Round "1.11"]
[White "Lintchevski, Daniil"]
[Black "Kubik, Michael"]
[Result "1-0"]
[WhiteTitle "GM"]
[WhiteElo "2548"]
[BlackElo "2272"]
[WhiteFideId "4171055"]
[BlackFideId "344320"]
[EventDate "2016.07.22"]

1. e4 c5 2. Nf3 e6 3. d4 cxd4 4. Nxd4 Nf6 5. Nc3 d6 6. Be2 Be7 7. O-O O-O 8. Be3
Nc6 9. Kh1 Bd7 10. Nb3 Na5 11. Nd2 Qc7 12. f4 Rfd8 13. Bd3 Nc6 14. a3 Rac8 15.
g4 e5 16. f5 d5 17. g5 dxe4 18. Bc4 Nd4 19. gxf6 Bxf6 20. Ncxe4 Bc6 21. Bd3 Nb3
22. Qg4 h5 23. Qg2 Nxa1 24. Nxf6+ Kh8 25. Nfe4 Bxe4 26. Nxe4 Nxc2 27. f6 1-0

[Event "27th Czech Open A 2016"]
[Site "Pardubice CZE"]
[Date "2016.07.22"]
[Round "1.12"]
[White "Paszewski, Mateusz"]
[Black "Babula, Vlastimil"]
[Result "0-1"]
[BlackTitle "GM"]
[WhiteElo "2270"]
[BlackElo "2540"]
[WhiteFideId "1141058"]
[BlackFideId "301264"]
[EventDate "2016.07.22"]

1. c4 e5 2. g3 Nf6 3. Bg2 h6 4. Nc3 Bb4 5. Nf3 Bxc3 6. bxc3 d6 7. Rb1 O-O 8. O-O
Re8 9. d3 Nbd7 10. e4 a6 11. Nh4 b5 12. cxb5 axb5 13. a3 Nc5 14. Qc2 c6 15. Re1
Qa5 16. h3 Be6 17. f4 Rad8 18. Be3 Qa4 19. Qd2 Bc8 20. f5 Qa7 21. g4 d5 22. Kh1
Qe7 23. g5 hxg5 24. Bxg5 dxe4 25. d4 exd4 26. cxd4 Nd3 27. Rg1 Qd6 28. Rbf1 Qxd4
29. Qe2 c5 30. Bxf6 Qxf6 31. Qh5 Rd5 32. Bxe4 Rxe4 33. Ng6 fxg6 34. Rxg6 Rxf5
35. Rxf6 Rxh5 36. Rf8+ Kh7 37. Rxc8 Rxh3+ 0-1

[Event "27th Czech Open A 2016"]
[Site "Pardubice CZE"]
[Date "2016.07.22"]
[Round "1.13"]
[White "Zakhartsov, Viacheslav V."]
[Black "Lederman, Leon"]
[Result "1-0"]
[WhiteTitle "GM"]
[BlackTitle "IM"]
[WhiteElo "2532"]
[BlackElo "2269"]
[WhiteFideId "4115333"]
[BlackFideId "2800403"]
[EventDate "2016.07.22"]

1. d4 d5 2. c4 e6 3. Nc3 Nf6 4. cxd5 exd5 5. Bg5 Nbd7 6. e3 Be7 7. Bd3 O-O 8.
Qc2 h6 9. Bf4 c6 10. h3 Re8 11. Nf3 Nf8 12. O-O-O Be6 13. Kb1 Rc8 14. g4 N6d7
15. Rhg1 c5 16. dxc5 Rxc5 17. Nd4 a6 18. Bf5 b5 19. Nb3 Rc4 20. Qd3 Nb6 21. Be5
Bf6 22. Bd4 Bxd4 23. Nxd4 Na4 24. Nxa4 bxa4 25. Nxe6 fxe6 26. Qxc4 dxc4 27. Rxd8
Rxd8 28. Bc2 Rd2 29. Rf1 a3 30. Kc1 Rd5 31. Rd1 Kf7 32. bxa3 Ke7 33. Kb2 Kd6 34.
Kc3 Kc5 35. Rd4 1-0

[Event "27th Czech Open A 2016"]
[Site "Pardubice CZE"]
[Date "2016.07.22"]
[Round "1.14"]
[White "Galaktionov, Artem"]
[Black "Boruchovsky, Avital"]
[Result "0-1"]
[BlackTitle "GM"]
[WhiteElo "2269"]
[BlackElo "2531"]
[WhiteFideId "24175471"]
[BlackFideId "2800055"]
[EventDate "2016.07.22"]

1. d4 Nf6 2. Nf3 d5 3. c4 e6 4. Nc3 Bb4 5. cxd5 exd5 6. Bg5 Nbd7 7. e3 c5 8.
dxc5 Qa5 9. Bxf6 Nxf6 10. Bb5+ Qxb5 0-1

[Event "27th Czech Open A 2016"]
[Site "Pardubice CZE"]
[Date "2016.07.22"]
[Round "1.15"]
[White "Novikov, Stanislav"]
[Black "Ivanenko, Olga I."]
[Result "1-0"]
[WhiteTitle "GM"]
[BlackTitle "WFM"]
[WhiteElo "2528"]
[BlackElo "2265"]
[WhiteFideId "4125371"]
[BlackFideId "14121093"]
[EventDate "2016.07.22"]

1. e4 c5 2. Nf3 d6 3. c3 Nf6 4. Be2 g6 5. O-O Bg7 6. Bb5+ Bd7 7. Bxd7+ Nbxd7 8.
Re1 Qc7 9. d4 O-O 10. Bg5 Rfe8 11. e5 dxe5 12. dxe5 Ng4 13. e6 fxe6 14. Nbd2 Nf8
15. Qa4 Nh6 16. Bf4 b5 17. Bxc7 bxa4 18. a3 Nf7 19. Bf4 Red8 20. Re4 Rd5 21.
Rxa4 g5 22. Be3 Rb8 23. Nc4 Nd6 24. Nfd2 Rb7 25. Kf1 Nd7 26. Rc1 Nb6 27. Nxb6
axb6 28. Ke2 Rd7 29. g4 b5 30. Ra6 Kf7 31. a4 c4 32. a5 b4 33. Ra8 bxc3 34. bxc3
Rb7 35. Rc2 Nb5 36. a6 Rbd7 37. Nxc4 Nxc3+ 38. Kf3 Rd8 39. Rxd8 Rxd8 40. Nb6 Nd5
41. Rc8 Rxc8 42. Nxc8 Be5 43. a7 Nc7 44. h3 1-0

[Event "27th Czech Open A 2016"]
[Site "Pardubice CZE"]
[Date "2016.07.22"]
[Round "1.16"]
[White "Briet, Antoine"]
[Black "Cvek, Robert"]
[Result "0-1"]
[WhiteTitle "FM"]
[BlackTitle "GM"]
[WhiteElo "2263"]
[BlackElo "2522"]
[WhiteFideId "644641"]
[BlackFideId "307424"]
[EventDate "2016.07.22"]

1. e4 c5 2. Nf3 e6 3. d4 cxd4 4. Nxd4 Nc6 5. Nc3 a6 6. Nxc6 bxc6 7. Bd3 d5 8.
O-O Nf6 9. Re1 Be7 10. e5 Nd7 11. Qg4 Kf8 12. Na4 c5 13. b3 Bb7 14. c4 d4 15. f4
h5 16. Qe2 g6 17. Be4 Qc7 18. Bd2 Bxe4 19. Qxe4 Kg7 20. Rf1 Rhb8 21. g3 Qb7 22.
Qxb7 Rxb7 23. Ba5 Bd8 24. Bxd8 Rxd8 25. Rf3 Rc8 26. Rd1 a5 27. Nb2 Nb6 28. a4
Nd7 29. h4 Rcb8 30. Rdd3 f6 31. exf6+ Nxf6 32. Nd1 e5 33. fxe5 Ng4 34. e6 Ne5
35. Nf2 Nxf3+ 36. Rxf3 Rf8 37. Rd3 Rf5 38. Ne4 Re5 39. Ng5 Re3 40. Rxe3 dxe3 41.
Kf1 Kf8 42. Ne4 Rxb3 43. Nxc5 Rb4 44. Nd7+ Ke7 45. Ne5 Kxe6 46. Nxg6 Kf5 47. Nf4
Ke5 0-1

[Event "27th Czech Open A 2016"]
[Site "Pardubice CZE"]
[Date "2016.07.22"]
[Round "1.17"]
[White "Alsina Leal, Daniel"]
[Black "Hollan, Petr"]
[Result "1-0"]
[WhiteTitle "GM"]
[BlackTitle "FM"]
[WhiteElo "2521"]
[BlackElo "2263"]
[WhiteFideId "2252627"]
[BlackFideId "360945"]
[EventDate "2016.07.22"]

1. e4 c5 2. Nf3 Nc6 3. d4 cxd4 4. Nxd4 Nf6 5. Nc3 e5 6. Ndb5 d6 7. Bg5 a6 8. Na3
b5 9. Nd5 Be7 10. Bxf6 Bxf6 11. c4 b4 12. Nc2 Rb8 13. b3 Bg5 14. Be2 O-O 15. O-O
Bh6 16. Qd3 a5 17. a3 bxa3 18. Nxa3 f5 19. Bf3 Nd4 20. Nb5 Ne6 21. Rfd1 Nc5 22.
Qc2 fxe4 23. Bxe4 Nxe4 24. Qxe4 Kh8 25. Qe1 Bg4 26. Rd3 Bf5 27. Rf3 e4 28. Rg3
Be6 29. Qxe4 Bxd5 30. Qxd5 Bf4 31. Rf3 Be5 32. Rxf8+ Qxf8 33. Rd1 g5 34. g3 Qf6
35. Nxd6 Bxd6 36. Qxd6 Qxd6 37. Rxd6 Rxb3 38. Rd5 a4 39. Rxg5 Rc3 40. Ra5 Rxc4
41. Ra7 Kg8 42. Kg2 Re4 43. h3 Rd4 44. g4 Rc4 45. Kg3 Rc3+ 46. f3 Rc4 47. g5 Rd4
48. f4 Rc4 49. Kg4 Rb4 50. h4 Rc4 51. Ra6 Rb4 52. h5 Rc4 53. Ra8+ Kf7 54. g6+
hxg6 55. h6 1-0

[Event "27th Czech Open A 2016"]
[Site "Pardubice CZE"]
[Date "2016.07.22"]
[Round "1.18"]
[White "Lee, Jun Hyeok"]
[Black "Demidov, Mikhail"]
[Result "0-1"]
[WhiteTitle "FM"]
[BlackTitle "IM"]
[WhiteElo "2261"]
[BlackElo "2514"]
[WhiteFideId "13202340"]
[BlackFideId "4197143"]
[EventDate "2016.07.22"]

1. d4 Nf6 2. c4 e6 3. Nc3 c5 4. d5 exd5 5. cxd5 Bd6 6. Nf3 O-O 7. g3 Bc7 8. Bg2
d6 9. O-O Re8 10. Nd2 a6 11. a4 Nbd7 12. Nde4 h6 13. h3 Rb8 14. g4 Nh7 15. Ng3
b5 16. axb5 axb5 17. f4 Ndf8 18. Nce4 Bb7 19. f5 f6 20. Nh5 Ra8 21. Rxa8 Qxa8
22. Nf4 Re5 23. Ng3 c4 24. e4 Re7 25. Ne6 Bb6+ 26. Kh2 Qa2 27. e5 c3 28. exd6
Rd7 29. bxc3 Rxd6 30. Nf4 Bc7 31. Qd2 Qa8 32. Rd1 Ra6 33. Kh1 Ng5 34. Qd3 Nf7
35. Qxb5 Ra1 36. Ngh5 Be5 37. Qd3 Qa4 38. Qf1 Ba6 39. Qg1 Nd6 40. Bf3 Ne4 41.
Re1 Ng5 42. Bg2 Ra2 43. d6 Bc4 44. Qc5 Nf7 45. d7 Nxd7 46. Qc8+ Kh7 47. Rg1 Rxg2
48. Nxg2 Bd5 49. Be3 Qe4 50. Qxd7 Qxe3 51. Nxf6+ Bxf6 52. Qc7 Be5 0-1

[Event "27th Czech Open A 2016"]
[Site "Pardubice CZE"]
[Date "2016.07.22"]
[Round "1.20"]
[White "Tokranovs, Dmitrijs"]
[Black "Ponizil, Cyril"]
[Result "0-1"]
[BlackTitle "IM"]
[WhiteElo "2257"]
[BlackElo "2510"]
[WhiteFideId "11603011"]
[BlackFideId "322202"]
[EventDate "2016.07.22"]

1. e4 c5 2. c3 Nf6 3. e5 Nd5 4. d4 cxd4 5. Nf3 Nc6 6. cxd4 d6 7. Bc4 Nb6 8. Bb5
Bd7 9. exd6 e6 10. O-O Bxd6 11. Nc3 a6 12. Bd3 Nb4 13. Ne4 Ba4 14. b3 Nxd3 15.
Bg5 Be7 16. bxa4 Nb2 17. Qb3 N2xa4 18. Bxe7 Qxe7 19. Rab1 O-O 20. Nc5 Nxc5 21.
Qxb6 Na4 22. Qxb7 Qxb7 23. Rxb7 Nc3 24. Rb2 Rab8 25. Rc2 Rfc8 26. g3 Nd5 27.
Rfc1 Rxc2 28. Rxc2 f6 29. Kf1 Kf7 30. Ke2 g5 31. Nd2 Rb4 32. Nb3 Ra4 33. Kf3 Ra3
34. Kg2 g4 35. h3 h5 36. hxg4 hxg4 37. Nc1 Ke7 38. Kf1 Rxg3 39. fxg3 Ne3+ 40.
Ke2 Nxc2 41. Kd3 Nb4+ 42. Kc4 Nd5 43. Kc5 Kd7 44. a3 Kc7 45. Nd3 f5 46. a4 Nc3
47. Nf4 Ne4+ 48. Kb4 Kd6 49. Ne2 e5 50. dxe5+ Kxe5 51. Ka5 Nc5 52. Nf4 Ke4 53.
Ng6 Kf3 54. Nh4+ Kxg3 55. Nxf5+ Kf4 56. Nh4 g3 57. Ng2+ Kf3 58. Nh4+ Kf2 59. Ng6
Nd3 60. Nh4 Ne5 61. Kxa6 Nf3 62. Kb7 Nxh4 63. a5 Nf5 64. a6 Nd6+ 65. Kc6 g2 66.
Kxd6 g1=Q 67. Kc7 Qc1+ 68. Kb8 Qb2+ 69. Ka8 Qc3 70. Kb8 Qb4+ 71. Ka7 Qb5 0-1

[Event "27th Czech Open A 2016"]
[Site "Pardubice CZE"]
[Date "2016.07.22"]
[Round "1.21"]
[White "Schlosser, Philipp"]
[Black "Hollan, Martin"]
[Result "1-0"]
[WhiteTitle "GM"]
[BlackTitle "FM"]
[WhiteElo "2509"]
[BlackElo "2256"]
[WhiteFideId "4600169"]
[BlackFideId "360937"]
[EventDate "2016.07.22"]

1. c4 c6 2. e4 e6 3. Nc3 d5 4. cxd5 exd5 5. exd5 cxd5 6. d4 Nc6 7. Nf3 Nf6 8.
Bb5 Bd6 9. O-O O-O 10. Bg5 Be6 11. Bxc6 bxc6 12. Na4 Bg4 13. Rc1 Rc8 14. h3 Bh5
15. Nc5 Be7 16. Re1 Ne4 17. Bxe7 Qxe7 18. Re3 Rfe8 19. Qa4 Bxf3 20. Rxf3 Nxc5
21. Rxc5 Qb7 22. Qc2 Re1+ 23. Kh2 Qc7+ 24. g3 Qd7 25. Kg2 Qe6 26. b4 Re2 27. Qc3
Re1 28. b5 Qe2 29. Qd3 Qxa2 30. bxc6 Qa1 31. Re3 Rg1+ 32. Kf3 Qb2 33. Qa6 Qb8
34. c7 Qa8 35. Rb3 1-0

[Event "27th Czech Open A 2016"]
[Site "Pardubice CZE"]
[Date "2016.07.22"]
[Round "1.22"]
[White "Gahan, M G"]
[Black "Petr, Martin"]
[Result "1-0"]
[BlackTitle "GM"]
[WhiteElo "2249"]
[BlackElo "2505"]
[WhiteFideId "5027373"]
[BlackFideId "318299"]
[EventDate "2016.07.22"]

1. e4 e6 2. b3 d5 3. Bb2 dxe4 4. Nc3 Nf6 5. g4 h6 6. Bg2 e5 7. h3 Bd6 8. Nxe4
Nxe4 9. Bxe4 Nd7 10. Qf3 Nc5 11. Bf5 Bd7 12. Bxd7+ Qxd7 13. Ne2 O-O-O 14. O-O-O
Rhe8 15. Ng3 f6 16. d4 exd4 17. Rxd4 Ne6 18. Rd3 Qb5 19. Nh5 Be5 20. Rhd1 Bxb2+
21. Kxb2 Qe5+ 22. Kb1 Nd4 23. Qf4 Qxf4 24. Nxf4 Ne6 25. Rxd8+ Nxd8 26. Nh5 Re7
27. f4 Nc6 28. Kb2 b6 29. a3 a5 30. Kc3 Na7 31. f5 Nb5+ 32. Kb2 Nd6 33. Nf4 Re4
34. Rf1 Kd7 35. Nh5 Re7 36. a4 Ke8 37. Nf4 Kf7 38. Nd5 Rd7 39. c4 Ne4 40. Rf3
Nc5 41. Ka3 Na6 42. b4 axb4+ 43. Nxb4 Nb8 44. Re3 Rd4 45. Nd5 Nc6 46. Nxc7 Ne5
47. Nb5 Nxc4+ 48. Kb3 Rf4 49. Rc3 Na5+ 50. Ka3 h5 51. gxh5 Rh4 52. Nd6+ Kf8 53.
Re3 Nc4+ 54. Nxc4 Rxc4 55. Re6 Rc3+ 56. Kb4 Rxh3 57. Rxb6 Rh4+ 58. Ka5 Rxh5 59.
Rb5 Rh4 60. Rd5 g6 61. Kb5 gxf5 62. a5 Ke7 63. Rxf5 Ke6 64. Rc5 Rh1 65. a6 Ra1
66. Kb6 Kd7 67. a7 Kd6 68. Ra5 1-0

[Event "27th Czech Open A 2016"]
[Site "Pardubice CZE"]
[Date "2016.07.22"]
[Round "1.23"]
[White "Krejci, Jan2"]
[Black "Eliseev, Evgeniy"]
[Result "1-0"]
[WhiteTitle "GM"]
[WhiteElo "2504"]
[BlackElo "2248"]
[WhiteFideId "322156"]
[BlackFideId "14139642"]
[EventDate "2016.07.22"]

1. d4 d6 2. e4 Nf6 3. Nc3 e5 4. Nf3 Nbd7 5. Bc4 Be7 6. O-O O-O 7. Re1 c6 8. a4
a5 9. h3 Nb6 10. Ba2 Nfd7 11. Be3 exd4 12. Bxd4 Nc5 13. Bxc5 dxc5 14. Qe2 Qd6
15. Qe3 Qg6 16. Ne5 Qf6 17. Nc4 Nxc4 18. Bxc4 Rd8 19. Rad1 Rd4 20. b3 Qg6 21.
Bd3 Be6 22. Ne2 Rdd8 23. e5 Qg5 24. f4 Qh4 25. c4 g6 26. Be4 Rac8 27. Rf1 Rxd1
28. Rxd1 Rd8 29. Rf1 Rb8 30. f5 gxf5 31. Bxf5 Qg5 32. Qe4 Rd8 33. Bxh7+ Kh8 34.
Bf5 Rd2 35. Bxe6 fxe6 36. Rf7 Qh4 37. Qg6 1-0